00678nam a2200181 a 450000100060000000300090000600800410001502000150005604000280007108200210009910000310012024500570015125000060020826000510021430000090026550501970027465000250047120606CO-ViMGA141112s2004 ck r 000 u spa d a9500613670 aCO-ViMGAbspacCO-ViMGA04a612.64 S135 8ed.1 aSadler, T.W.; Langman, Jan10aEmbriología medica : bCon orientación clínica a8 aBuenos Aires : bMedica panAméricana, c2002 a482p aEmbriología general gametogenesis : conversión de las celulas germinales en gametos masculinos y femeninos 3 - - Embriología especial Sistema tegumentario, sistema nervioso central 392 14aEMBRIOLOGÍA MeDICA